Social context and fluency in L2 learners : the case of Wales

Saved in:
Bibliographic Details
Main Author: Newcombe, Lynda Pritchard
Format: Book
Language:English
Published: Clevedon, UK ; Buffalo, NY : Multilingual Matters, c2007
Series:New perspectives on language and education
Subjects:
Tags: Add Tag
No Tags, Be the first to tag this record!

MARC

LEADER 00000nam a2200000 i 4500
001 1/80710
008 080407s2007 eng d
020 |a 978-1-85359-995-8 
035 |l 10096283 
040 |a GR-MY-UA  |b gre  |e aacr 
041 0 |a eng 
082 0 |a 306.4409429  |2 (22) 
100 1 |a Newcombe, Lynda Pritchard. 
245 1 0 |a Social context and fluency in L2 learners :  |b the case of Wales /  |c Lynda Pritchard Newcombe 
260 |a Clevedon, UK ; Buffalo, NY :   |b Multilingual Matters,   |c c2007 
300 |a xiv, 139 σ.;  |c 22 εκ. 
490 1 |a New perspectives on language and education 
504 |a Περιλαμβάνει βιβλιογραφίες και ευρετήριο 
650 0 0 |a Language and languages  |x Study and teaching  |x Social aspects  |z Wales. 
650 0 0 |a Welsh language  |x Study and teaching  |x Social aspects. 
830 0 |a New perspectives on language and education 
852 |a INST  |b RHODES  |e 20080407  |h 306.4409429 NEW  |p 005400029477  |q 005400029477  |t BK  |y 0 
901 |a BIBL4-2008-1 
909 |a Ρ  |b 151778 
922 |a 4ΕΛΗ  |b 200803  |c ΕΠΕΑΕΚ2/ΠΤΔΕ  |d ΕΛΕΥΘΕΡΟΥΔΑΚΗΣ 
970 |a ΜΙΣΣΟΣ  |b ΣΤΑΥΡΟΣ  |z 2008/04/07